U.K. Counties Quiz - Statistics

General Stats
  • This quiz has been taken 23 times
  • The average score is 38 of 97
Answer Stats
Hint Answer % Correct
England City of London
86%
England Greater London
86%
England Essex
77%
England Oxfordshire
77%
England Cambridgeshire
73%
England Cornwall
73%
England Devon
68%
England Greater Manchester
68%
England Herefordshire
68%
England Lincolnshire
68%
England Merseyside
68%
England Norfolk
68%
England Nottinghamshire
68%
England Suffolk
68%
England Worcestershire
68%
England Buckinghamshire
64%
England Dorset
64%
England East Riding of Yorkshire
64%
England Hampshire
64%
England Kent
64%
England Lancashire
64%
England North Yorkshire
64%
England Shropshire
64%
England Somerset
64%
England West Yorkshire
64%
England Wiltshire
64%
England East Sussex
59%
England Gloucestershire
59%
England Leicestershire
59%
England Northumberland
59%
England South Yorkshire
59%
England West Sussex
59%
England Bedfordshire
55%
England Bristol
55%
Scotland City of Aberdeen
55%
Scotland City of Edinburgh
55%
Scotland City of Glasgow
55%
England Cumbria
55%
England Derbyshire
55%
England Durham
55%
England Hertfordshire
55%
England Northamptonshire
55%
England Rutland
55%
England Staffordshire
55%
England Warwickshire
55%
England Berkshire
50%
Northern Ireland Londonderry
50%
England West Midlands
50%
England Surrey
45%
England Isle of Wight
41%
England Tyne and Wear
41%
England Cheshire
32%
Scotland City of Dundee
32%
Scotland Lanarkshire
32%
Scotland Aberdeenshire
27%
Northern Ireland Antrim
27%
Northern Ireland Armagh
27%
Scotland Inverness
27%
Scotland Moray
27%
Scotland Argyll and Bute
23%
Scotland East Lothian
23%
Northern Ireland Fermanagh
23%
Scotland Renfrewshire
23%
Scotland West Lothian
23%
Scotland Angus
18%
Northern Ireland Down
18%
Scotland Dunbartonshire
18%
Scotland Fife
18%
Scotland Mid Lothian
18%
Scotland Orkney
18%
Scotland Perth and Kinross
18%
Scotland Shetland
18%
Northern Ireland Tyrone
18%
Scotland Clackmannanshire
14%
Scotland Berwickshire
9%
Scotland Caithness
9%
Scotland Dumfriesshire
9%
Scotland Nairn
9%
Scotland Ross and Cromarty
9%
Wales South Glamorgan
9%
Scotland Sutherland
9%
Wales West Glamorgan
9%
Scotland Banffshire
5%
Wales Gwent
5%
Wales Gwynedd
5%
Wales Powys
5%
Scotland Roxburgh, Ettrick and Lauderdale
5%
Scotland Stewartry of Kirkcudbright
5%
Scotland Western Isles
5%
Scotland Wigtown
5%
Scotland Aryshire and Arran
0%
Wales Clwyd
0%
Wales Dyfed
0%
Scotland Kincardineshire
0%
Wales Mid Glamorgan
0%
Scotland Stirling and Falkirk
0%
Scotland Tweeddale
0%
No matching quizzes found
Score Distribution
Percent of People with Each Score
Percentile by Number Answered
Your Score History
You have not taken this quiz